书目信息 |
| 题名: |
机械工程材料与设计选材
|
|
| 作者: | 沈莲 主编 | |
| 分册: | ||
| 出版信息: | 西安 西安交通大学出版社 1996.04 |
|
| 页数: | 223页 | |
| 开本: | 16开 | |
| 丛书名: | ||
| 单 册: | ||
| 中图分类: | TH14 | |
| 科图分类: | ||
| 主题词: | 机械制造材料 | |
| 电子资源: | ||
| ISBN: | 7-5605-0812-X | |
| 000 | 00582nam0 2200193 45 | |
| 001 | 0008051590 | |
| 005 | 20000805152202.5 | |
| 010 | @a7-5605-0812-X@d13.00元 | |
| 100 | @a20000805d1996 km y0chiy0120 ea | |
| 101 | 0 | @achi |
| 105 | @a z 000yy | |
| 200 | 1 | @a机械工程材料与设计选材@AJi Xie Gong Cheng Cai Liao Yu She Ji Xuan Cai@f沈莲等主编@FShen Lian Deng Zhu Bian |
| 210 | @a西安@c西安交通大学出版社@d1996.04 | |
| 215 | @a223页@d16开 | |
| 606 | 0 | @a机械制造材料 |
| 690 | @aTH14@v3 | |
| 701 | 0 | @a沈莲@4主编 |
| 801 | @aCN@bPftUser@c20000805 | |
| 905 | @b89358-362@dTH14@eSH.453@f5 | |
| 机械工程材料与设计选材/沈莲等主编.-西安:西安交通大学出版社,1996.04 |
| 223页;16开 |
| ISBN 7-5605-0812-X:13.00元 |
| ● |
| 相关链接 |
|
|
|
正题名:机械工程材料与设计选材
索取号:TH14/SH.453
 
预约/预借
| 序号 | 登录号 | 条形码 | 馆藏地/架位号 | 状态 | 备注 |
| 1 | 89358 | 200893587 | 自科二线504/504自科库 39排1列4层/ [索取号:TH14/SH.453] | 在馆 | |
| 2 | 89359 | 200893596 | 自科库501/501自科库 38排1列2层/ [索取号:TH14/SH.453] | 在馆 | |
| 3 | 89360 | 200893603 | 自科二线504/504自科库 39排1列4层/ [索取号:TH14/SH.453] | 在馆 | |
| 4 | 89361 | 200893612 | 自科二线504/504自科库 39排1列4层/ [索取号:TH14/SH.453] | 在馆 | |
| 5 | 89362 | 200893621 | 自科库501/501自科库 38排1列2层/ [索取号:TH14/SH.453] | 在馆 |